00646 2200181 4500001002100000005001500021035002000036007000300056008003900059082002300098084002900121100002500150245017400175260004800349856002800397650002100425990001800446INLIS00000000000496120231002120109 a0010-0923000185ta231002 | | |  a616.2 072 598 15 4 a616.2 072 598 15 4 ANI f0 aAnita Natalia Rahman1 aFaktor Faktor Yang Mempengaruhi ISPA Pada Balita Di Wilayah KerJa Puskesmas Kampung Laut Kabupaten Tanjung Jabung Timur Provinsi Jambi Tahun 2021 /cAnita Natalia Rahman aJambi :bUniversitas Adiwangsa Jambi,c2021 aS1 Kesehatan Masyarakat aISPA Pada Balita a0077300200773